00578 2200229 4500001002100000005001500021035002000036245003900056100001400095250000600109300003500115260004300150082000800193084001400201020002200215650002600237990001700263990001700280990001700297990001700314990001700331INLIS00000000000019520180911112447 a0010-09180000491 aAyo Mengenal Paragraf /cMarsa A.H0 aMarsa A.H a- aiv, 60 hlm. :bilus. ;c21 cm. aSolo :bPT Wangsa Jatra Lestari,c2009 a415 a415 MAR a a978-979-040-129-7 aTata Bahasa Indonesia a00833/P/2018 a00834/P/2018 a00835/P/2018 a00836/P/2018 a00837/P/2018